| 000 | 00927nam a2200265 a 4500 | ||
|---|---|---|---|
| 005 | 20200104041518.0 | ||
| 008 | 140225b1996 ck ||||| |||| 00| 0 spa d | ||
| 040 |
_aCO-BoIAVH _cCO-BoIAVH |
||
| 041 | _aspa | ||
| 044 | _ack | ||
| 090 |
_aLB _b01069 |
||
| 110 |
_bISAGEN _945002 |
||
| 245 | _aEstudio de los efectos de la contaminación térmica de la central termoeléctrica Martín del Corral sobre la comunidad hidrológica del río Bogotá | ||
| 260 |
_aBogotá _bIsagen _bISA _bEEB _bUnal _c1996? |
||
| 300 | _a173 p. | ||
| 650 |
_aRecursos hidrobiológicos _92554 |
||
| 650 |
_aImpacto ambiental _945004 |
||
| 650 |
_aContaminación térmica _910679 |
||
| 650 |
_aTermoeléctricas _910680 |
||
| 662 |
_aColombia _cRío Bogotá |
||
| 710 |
_aInterconexión Eléctrica S. A. _910725 |
||
| 710 |
_aUniversidad Nacional de Colombia _965 |
||
| 710 |
_aEmpresa de Energía Eléctrica de Bogotá _945006 |
||
| 942 |
_cINFORME _2z |
||
| 999 |
_c1080 _d1080 |
||